Bí quyết của thành công : The 100 simple secrets of successful people
Đưa ra lời khuyên về thái độ sống, những suy nghĩ tích cực và bình dị có thể áp dụng vào cuộc sống để xây dựng một cuộc sống thành công
Zapisane w:
| 1. autor: | |
|---|---|
| Format: | Książka |
| Język: | Undetermined |
| Wydane: |
Hà Nội
Thế giới
2002
|
| Hasła przedmiotowe: | |
| Etykiety: |
Dodaj etykietę
Nie ma etykietki, Dołącz pierwszą etykiete!
|
| Thư viện lưu trữ: | Trung tâm Học liệu Trường Đại học Cần Thơ |
|---|
| LEADER | 00848nam a2200205Ia 4500 | ||
|---|---|---|---|
| 001 | CTU_240070 | ||
| 008 | 210402s9999 xx 000 0 und d | ||
| 082 | |a 658.47 | ||
| 082 | |b N734 | ||
| 100 | |a Niven, David | ||
| 245 | 0 | |a Bí quyết của thành công : | |
| 245 | 4 | |b The 100 simple secrets of successful people | |
| 245 | 0 | |c David Niven ; Tâm Hằng, Phương Anh dịch | |
| 260 | |a Hà Nội | ||
| 260 | |b Thế giới | ||
| 260 | |c 2002 | ||
| 520 | |a Đưa ra lời khuyên về thái độ sống, những suy nghĩ tích cực và bình dị có thể áp dụng vào cuộc sống để xây dựng một cuộc sống thành công | ||
| 650 | |a Business intelligence,Success in business | ||
| 910 | |a Tuyến | ||
| 980 | |a Trung tâm Học liệu Trường Đại học Cần Thơ | ||